000 00281nam a2200121 a 4500
008 100920s1965|||| d
245 1 0 _aTánino manželstvo
100 1 _aDementiev, Nikolaj
260 _bObzor
_aBratislava
_c1965
020 _c12
044 _axo
_cSK
041 _aslo
999 _c10496
_d10496